000 00584nam a2200217Ia 4500
001 2897
003 GE_BSU
008 181216s||||||||xx |||||||||||||| ||und||
020 _a580410148x
040 _cGE_BSU
080 _a657+69
100 _aБородина В.В.
245 _aБухгалтерский учет в строительстве
260 _aМосква
260 _bКнижный мир
260 _c2002
300 _a369 с. 20 см.
541 _h10 л.
653 _aБухгалтерский учет в строительстве
942 _cBK
999 _c36946
_d36946